| 000 | 00457nam a22001697a 4500 | ||
|---|---|---|---|
| 003 | OSt | ||
| 008 | 241022b |||||||| |||| 00| 0 eng d | ||
| 020 | _a9780764142208 | ||
| 082 | _a749.02 LEC | ||
| 100 | _aLEWIS, Garth | ||
| 245 | _a2000 Color Combinations: For Graphic, Textile, and Craft Designers | ||
| 250 | _aIst. ed., | ||
| 260 |
_aUnited Kingdom, _bB E S Publication Company, _c2009, |
||
| 300 | _a336 p. | ||
| 650 | _aB.FAD. | ||
| 942 |
_2ddc _cREF |
||
| 999 |
_c12924 _d12924 |
||